[Event "Ceriano Laghetto op-B 22nd"]
[Site "Ceriano Laghetto"]
[Date "2013.03.02"]
[Round "3"]
[White "Ronconi, Fausto"]
[Black "Mandaglio, Luca"]
[Result "0-1"]
[WhiteElo "1687"]
[BlackElo "1810"]
[PlyCount "70"]
[EventDate "2013.03.01"]
[EventType "swiss"]
[EventRounds "5"]
[EventCountry "ITA"]
[SourceTitle "EXT 2024"]
[Source "ChessBase"]
[SourceDate "2023.10.10"]
[SourceVersion "1"]
[SourceVersionDate "2023.10.10"]
[SourceQuality "1"]

1. d4 Nf6 2. c4 e6 3. a3 b6 4. Nc3 Ba6 5. b3 Be7 6. Bf4 d6 7. e3 0-0 8. Be2 Nbd7 9. b4 c5 10. dxc5 dxc5 11. Bf3 e5 12. Bxa8 Qxa8 13. Nd5 Nxd5 14. cxd5 exf4 15. e4 cxb4 16. Qa4 Nc5 17. Qc6 Qxc6 18. dxc6 Bf6 19. Ra2 Bc3+ 20. Kd1 Rd8+ 21. Kc1 b3 22. Re2 b2+ 23. Rxb2 Nd3+ 24. Kc2 Bxb2 25. Nh3 Rc8 26. Rd1 Rxc6+ 27. Kb3 Rc3+ 28. Ka2 Rxa3+ 29. Kb1 Ra1+ 30. Kc2 Rxd1 31. Kxd1 f6 32. Kc2 Bd4 33. f3 g5 34. g4 Nf2 35. Nxf2 Bxf2 0-1